000
00327nam a2200145Ia 4500
005
20250603145311.0
008
250603s9999 xx 000 0 und d
245
0
_a
Mailing list of libraries in Nigeria
260
_a
Abuja
260
_b
Dansalama Press
260
_c
2007
300
_a
40 p
650
_a
Abuja
942
_c
BK
999
_c
41456
_d
41456